000 00361 a2200157 4500
001 155562
040 _cEscola São Tomás de Aquino
100 _aCEREJA, William Roberto
240 1 0 _aPortuguês linguagens
_lpor
245 1 0 _aPortuguês linguagens
300 _a322
362 0 _a2014
440 1 _aSaraiva
697 _aLíngua portuguesa
942 _cBK
999 _c155562
_d155562